LEADER 01120nam0-2200397---450 001 990005658250203316 005 20190403124953.0 035 $a000565825 035 $aUSA01000565825 035 $a(ALEPH)000565825USA01 035 $a000565825 100 $a20041119d1978----|||y0itaa50------ba 101 $afre 102 $afr 105 $a0 00||| 200 1 $aBataille$fAlain Arnaud, Gisèle Excoffon-Lafarge 210 $aParis$cSeuil$d[1978] 215 $a187 p.$cill.$d18 cm. 225 2 $aEcrivains de toujours$v101 410 0$12001$aEcrivains de toujours$v101 606 $aBataille, Georges$xFilosofia$2F 620 $dPARIS 676 $a848.912 700 1$aARNAUD,$bAlain$0544028 701 1$aEXCOFFON-LAFARGE,$bGisèle$0615218 801 0$aIT$bSA$c20111219 912 $a990005658250203316 950 0$aDipar.to di Filosofia - Salerno$dDFCC 848.912 ARN$e3323 FIL 951 $aCC 848.912 ARN$b3323 FIL 959 $aBK 969 $aFIL 979 $c20121027$lUSA01$h1525 979 $c20121027$lUSA01$h1615 996 $aBataille$91134963 997 $aUNISA NUM $aSA0012170 LEADER 03798nam 2200601 450 001 9910460257003321 005 20200520144314.0 010 $a1-4529-4217-X 035 $a(CKB)3710000000269910 035 $a(EBL)1826645 035 $a(SSID)ssj0001367464 035 $a(PQKBManifestationID)11861391 035 $a(PQKBTitleCode)TC0001367464 035 $a(PQKBWorkID)11444357 035 $a(PQKB)11054460 035 $a(MiAaPQ)EBC1826645 035 $a(OCoLC)894171355 035 $a(MdBmJHUP)muse41904 035 $a(Au-PeEL)EBL1826645 035 $a(CaPaEBR)ebr10961807 035 $a(EXLCZ)993710000000269910 100 $a20140715d2014 uy| 0 101 0 $aeng 135 $aur|n|---||||| 181 $ctxt 182 $cc 183 $acr 200 10$aAt the end of the road $eJack Kerouac in Mexico /$fJorge Garci?a-Robles ; translated by Daniel C. Schechter 210 1$aMinneapolis :$cUniversity of Minnesota Press,$d2014. 215 $a1 online resource (153 p.) 300 $aDescription based upon print version of record. 311 $a0-8166-8065-5 320 $aIncludes bibliographical references. 327 $aContents; Preface; 1; Belly of the Beast; A Supraliterary Trinity; The American Friend; 2; 3; This Land Is Our Land; Blue Sojourn; 4; The Sorrow of Jack Kerouac; 5; Adi?os Tristessa; Traveling Partners; 6; Rapture in Mexico; When the Earth Shook; 7; At the End of the Road; The Final Hitch; The Disguise of Innocence; Note on Sources 330 $a"We had finally found the magic land at the end of the road and we never dreamed the extent of the magic." Mexico, an escape route, inspiration, and ecstatic terminus of the celebrated novel On the Road, was crucial to Jack Kerouac's creative development. In this dramatic and highly compelling account, Jorge Garci?a-Robles, leading authority on the Beats in Mexico, re-creates both the actual events and the literary imaginings of Kerouac in what became the writer's revelatory terrain. Providing Kerouac an immediate spiritual freshness that contrasted with the staid society of the United States, Mexico was perhaps the single most important country in his life. Sourcing material from the Beat author's vast output and revealing correspondence, Garci?a-Robles vividly describes the milieu and people that influenced him while sojourning there and the circumstances between his myriad arrivals and departures. From the writer's initial euphoria upon encountering Mexico and its fascinating tableau of humanity to his tortured relationship with a Mexican prostitute who inspired his novella Tristessa, this volume chronicles Kerouac's often illusory view of the country while realistically detailing the incidents and individuals that found their way into his poetry and prose. In juxtaposing Kerouac's idyllic image of Mexico with his actual experiences of being extorted, assaulted, and harassed, Garci?a-Robles offers the essential Mexican perspective. Finding there the spiritual nourishment he was starved for in the United States, Kerouac held fast to his idealized notion of the country, even as the stories he recounts were as much literary as real."--$cProvided by publisher. 606 $aAuthors, American$y20th century$vBiography 606 $aAmericans$zMexico$vBiography 606 $aBeat generation$vBiography 608 $aElectronic books. 615 0$aAuthors, American 615 0$aAmericans 615 0$aBeat generation 676 $a813/.54 676 $aB 700 $aGarci?a-Robles$b Jorge$f1956-$01032326 702 $aSchechter$b Daniel C. 801 0$bMiAaPQ 801 1$bMiAaPQ 801 2$bMiAaPQ 906 $aBOOK 912 $a9910460257003321 996 $aAt the end of the road$92450628 997 $aUNINA LEADER 04550nam 2200685 a 450 001 9910782780003321 005 20230721004247.0 010 $a1-282-19470-4 010 $a9786612194702 010 $a3-11-019917-3 024 7 $a10.1515/9783110199178 035 $a(CKB)1000000000691463 035 $a(EBL)364665 035 $a(OCoLC)476196965 035 $a(SSID)ssj0000129388 035 $a(PQKBManifestationID)11132645 035 $a(PQKBTitleCode)TC0000129388 035 $a(PQKBWorkID)10078652 035 $a(PQKB)10299845 035 $a(MiAaPQ)EBC364665 035 $a(DE-B1597)34875 035 $a(OCoLC)560606698 035 $a(OCoLC)703226798 035 $a(DE-B1597)9783110199178 035 $a(Au-PeEL)EBL364665 035 $a(CaPaEBR)ebr10256461 035 $a(CaONFJC)MIL219470 035 $a(EXLCZ)991000000000691463 100 $a20080602d2008 uy 0 101 0 $aeng 135 $aur||||||||||| 181 $ctxt 182 $cc 183 $acr 200 00$aConstructional approaches to English grammar$b[electronic resource] /$fedited by Graeme Trousdale, Nikolas Gisborne 210 $aBerlin ;$aNew York $cMouton de Gruyter$dc2008 215 $a1 online resource (320 p.) 225 1 $aTopics in English linguistics,$x1434-3452 ;$v57 300 $aDescription based upon print version of record. 311 $a3-11-019626-3 320 $aIncludes bibliographical references and indexes. 327 $t Frontmatter -- $tContents -- $tConstructional approaches to language-particular description -- $t1. The English gerund -- $tGerunds, categories and constructions -- $tApproaches to the English gerund -- $tConstructions in grammaticalization and lexicalization: Evidence from the history of a composite predicate construction in English -- $t2. Constructions and corpora -- $tCorpus approaches to constructions -- $tEnglish relative clauses and Construction Grammar: A topic which preposition placement can shed light on? -- $tShall and shan t in contemporary English - a case of functional condensation -- $tConstraints on the attributive use of "predicative-only" adjectives: A reassessment -- $t3. Constructions and lexicalism -- $tConstructions and lexical approaches -- $tAntitransitivity and constructionality -- $tDependencies are constructions: A case study in predicative complementation -- $tWord Grammar and Construction Grammar -- $t Backmatter 330 $aThis collection of articles brings together new research from both established and emerging international experts in the study of English grammar, all of whom have engaged with the notion of 'construction' in their work. The research here is concerned with both synchrony and diachrony, with the relationship between Construction Grammar and other linguistic theories, and with a number of issues in the study of grammar, such as raising and control phenomena, transitivity, relative clause structure, the syntax of gerunds, attributive and predicative uses of adjectives, modality, and grammaticalization. Some of the articles are written within a constructional framework, while others highlight potential problems with constructional approaches to English grammar; some of the articles are based on data collected from corpora, some on introspection; some of the articles suggest potential developments for diachronic construction grammar, while others seek to compare Construction Grammar with other cognitive linguistic theories, most particularly Word Grammar. The research reported in this volume presents a series of ways of looking at the relationship between constructions and patterns in English grammar, either now or in the past. The book addresses scholars and advanced students who are interested in English grammar, constructional approaches to language, and the relationship between functional and formal issues in linguistic description and theory. 410 0$aTopics in English linguistics ;$v57. 606 $aEnglish language$xGrammar, Generative 606 $aConstruction grammar 610 $aCognitive Linguistics. 610 $aEnglish /language. 615 0$aEnglish language$xGrammar, Generative. 615 0$aConstruction grammar. 676 $a425 701 $aTrousdale$b Graeme$f1971-$01463295 701 $aGisborne$b Nikolas$f1966-$0944762 801 0$bMiAaPQ 801 1$bMiAaPQ 801 2$bMiAaPQ 906 $aBOOK 912 $a9910782780003321 996 $aConstructional approaches to English grammar$93727186 997 $aUNINA LEADER 03142nam 2200409 450 001 996524953803316 005 20240215170752.0 010 $a88-15-37757-3 024 7 $a10.978.8815/374868 035 $a(CKB)5580000000520794 035 $a(NjHacI)995580000000520794 035 $a(EXLCZ)995580000000520794 100 $a20240215d2023 uy 0 101 0 $aita 135 $aur||||||||||| 181 $ctxt$2rdacontent 182 $cc$2rdamedia 183 $acr$2rdacarrier 200 00$aBipolarismo asimmetrico $eL'Italia al voto dopo il decennio populista /$fSalvatore Vassallo, Luca Verzichelli (editors) 210 1$aBologna :$cSocieta editrice il Mulino Spa,$d2023. 215 $a1 online resource (212 pages) 311 $a88-15-37486-8 311 $a88-15-38318-2 327 $aLe aspettative e gli interrogativi alla vigilia del voto -- La struttura dell'offerta politica e i difetti del coordinamento nel campo progressista -- Sul carro della vincitrice: una campagna frammentata e dall'esito scontato -- I flussi di voto e l'astensione -- Sfide nei collegi ed effetto maggioritario -- La nuova geografia del voto -- I luoghi del consenso per i partiti maggiori -- Prediletti, veterani e rieletti Vecchi e nuovi parlamentari -- Chi ha votato cosa. Genere, eta?, classe, istruzione e religione -- I temi e i leader -- Opinione pubblica e guerra in Ucraina: un'anomalia italiana? -- Gli autori -- Riferimenti bibliografici. 330 $aEra chiaro che di fronte ad avversari divisi il centrodestra avrebbe vinto a mani basse le elezioni del 2022. Allora perche? i protagonisti dell'ipotizzato "campo largo" (Conte, Letta, Calenda) non hanno voluto o non sono riusciti a trovare un accordo? Intorno a quali temi e con quali obiettivi si e? svolta la strana campagna estiva del 2022? Quali categorie di elettori hanno disertato le urne decretando il calo piu? vistoso della partecipazione tra una elezione e la precedente di tutta la storia repubblicana? Alla fine, quale impatto ha avuto il sistema elettorale combinato con la riduzione del numero dei parlamentari? E come e? cambiata la classe parlamentare ora ridotta numericamente? Da dove sono arrivati i voti guadagnati da FdI e ricevuti dal cosiddetto "terzo polo"? Dove sono andati quelli persi dal M5s? Ma soprattutto, qual e? la nuova geografia politica italiana? Quanto sono distanti (o vicini) gli elettorati dei vari partiti sulla transizione energetica o sui diritti civili, sul presidenzialismo o sulla gestione delle grandi crisi globali, dalla pandemia all'invasione russa in Ucraina? Quanto promette di rimanere coesa la maggioranza parlamentare di centrodestra sulle scelte di fondo? E quanto sara? difficile, dall'altra parte, ricucire i pezzi del "polo assente"?. 517 $aBipolarismo asimmetrico 606 $aPolitical participation 615 0$aPolitical participation. 676 $a323.042 702 $aVassallo$b Salvatore 702 $aVerzichelli$b Luca 801 0$bNjHacI 801 1$bNjHacl 906 $aBOOK 912 $a996524953803316 996 $aBipolarismo asimmetrico$93553742 997 $aUNISA